| 000 | 00353 a2200109 4500 | ||
|---|---|---|---|
| 001 | ART_11031 | ||
| 005 | 20260410161849.0 | ||
| 008 | 260409a | ||
| 245 | 1 | 0 | _aUn modelo teórico sobre educación pública y distribución del ingreso |
| 100 | 1 | _aGasparini, Leonardo C. | |
| 773 | 0 |
_tEconómica _g- Año XL, Nº 2 (jun. 1994) _wREV7541 |
|
| 999 |
_c24874 _d24874 |
||